| 000 | 01174nam a2200313 i 4500 | ||
|---|---|---|---|
| 001 | 000031245 | ||
| 003 | DO-SdBNP | ||
| 005 | 20240605082721.0 | ||
| 007 | ta | ||
| 008 | 081204s1967 dr 000 0 spa d | ||
| 040 |
_aDO-SdBNP _bspa _cBNPHU _erda |
||
| 082 | 4 |
_a305.87293 _bP438c _222 |
|
| 100 | 1 |
_aPérez Cabral, Pedro Andrés, _b1910-1981 _9429 _eautor |
|
| 245 | 1 | 3 |
_aLa comunidad mulata : _bel caso socio-político de la República Dominicana / _cPedro Andrés Pérez Cabral. |
| 264 |
_aCaracas, Venezuela : _bGráfica Américana, _c1967. |
||
| 300 |
_a348 páginas ; _c23 cm. |
||
| 336 |
_2rdacontent _atexto _btxt |
||
| 337 |
_2rdamedia _asin mediación _bn |
||
| 338 |
_2rdacarrier _avolumen _bnc |
||
| 590 | _aInventariado, 2018/BT | ||
| 650 | 4 |
_aMulatos _zRepública Dominicana _9430 |
|
| 650 | 4 |
_aSociología política _zRepública Dominicana _9431 |
|
| 651 | 4 |
_aRepública Dominicana _xRelaciones raciales _9432 |
|
| 651 | 4 |
_aRepública Dominicana _xProblemas raciales _9433 |
|
| 651 | 4 |
_aRepública Dominicana _xCondiciones sociales _946 |
|
| 651 | 4 |
_aRepública Dominicana _xHistoria _9170 |
|
| 910 | _aValidado. Control de calidad. MFF | ||
| 942 |
_2ddc _cLBS1 |
||
| 999 |
_c30737 _d30737 |
||